UBT Library

ADMINISTRATIVE MEDICAL ASSISTING (Record no. 3512)

000 -LEADER
fixed length control field 00269nam a22001097a 4500
008 - FIXED-LENGTH DATA ELEMENTS--GENERAL INFORMATION
fixed length control field 170124b xxu||||| |||| 00| 0 eng d
020 ## - INTERNATIONAL STANDARD BOOK NUMBER
International Standard Book Number 9780781797917
041 ## - LANGUAGE CODE
Language code of text/sound track or separate title eng
080 ## - UNIVERSAL DECIMAL CLASSIFICATION NUMBER
Edition identifier 2ND
Universal Decimal Classification number 618.2
245 ## - TITLE STATEMENT
Title ADMINISTRATIVE MEDICAL ASSISTING
Statement of responsibility, etc DURHAM, L.S
942 ## - ADDED ENTRY ELEMENTS (KOHA)
Source of classification or shelving scheme
Item type Books
Holdings
Withdrawn status Lost status Source of classification or shelving scheme Damaged status Not for loan Collection code Permanent location Current location Shelving location Date acquired Total Checkouts Full call number Barcode Date last seen Price effective from Koha item type
          Koleksioni i përgjithshem UBT - Lipjan UBT - Lipjan Koleksioni i përgjithshem 01/24/2017   618.2 DUR 002-030172 01/24/2017 01/24/2017 Books
          Koleksioni i përgjithshem UBT - Lipjan UBT - Lipjan Koleksioni i përgjithshem 01/24/2017   618.2 DUR 002-030177 01/24/2017 01/24/2017 Books
          Koleksioni i përgjithshem UBT - Lipjan UBT - Lipjan Koleksioni i përgjithshem 01/24/2017   618.2 DUR 002-030186 01/24/2017 01/24/2017 Books
UBT Library © 2015-2024. All rights reserved University Education for Business and Technology